Manual de sociología /
Guardado en:
| Autor Principal: | |
|---|---|
| Formato: | Libro |
| Publicado: |
Buenos Aires :
El Ateneo,
1963
|
| Edición: | 3a. ed. |
| Materias: | |
| Etiquetas: |
Agregar Etiqueta
Sin Etiquetas, Sea el primero en etiquetar este registro!
|
| LEADER | 00984nam a22002295a 4500 | ||
|---|---|---|---|
| 001 | CEM.cems001885 | ||
| 005 | 20060215000000.0 | ||
| 008 | 130507s1963##################000#0#####d | ||
| 003 | CEMS | ||
| 082 | 0 | 4 | |a 301.02 |
| 100 | 1 | |a Cuvillier, Armand | |
| 245 | 1 | 0 | |a Manual de sociología / |
| 250 | |a 3a. ed. | ||
| 260 | |a Buenos Aires : |b El Ateneo, |c 1963 | ||
| 300 | |a 534 p. | ||
| 505 | 0 | |a LAS RELACIONES INTERPERSONALES DEL NINO DE 5 A 9 ANOS: El hogar; La escuela; La comunidad; Las actitudes raciales; Relacion madre-hijo, padre-hijo, entre hermanos, con la familia, nino-maestra, nino-nino, con el grupo de juego.LAS RELACIONEWS INTERPERSONALES DEL NINO DE 10 a 16 ANOS: Padres, hermanos y familia en gral.; amigos y camaradas. ...BIBLIOGRAFIA: Especial en castellano p.110-113 | |
| 653 | |a Antropogeografia | ||
| 653 | |a Comunidad y sociedd | ||
| 653 | |a Encuestas-sociologia | ||
| 653 | |a Familia | ||
| 653 | |a Marxismo | ||
| 859 | |a CEMS |b BIB. CEMS - 11 de abril |h 301.02 |i C988a3 |p 654.73 |t Ej.1 | ||
